Centroamérica Hoy/
Spremljeno u:
| Autor kompanije: | |
|---|---|
| Format: | Knjiga |
| Jezik: | Spanish |
| Izdano: |
San José, Costa Rica
CSUCA-PAX; Universidad de Costa Rica,
1988-
|
| Teme: | |
| Oznake: |
Dodaj oznaku
Bez oznaka, Budi prvi tko označuje ovaj zapis!
|
MARC
| LEADER | 00000nam a22000007a 4500 | ||
|---|---|---|---|
| 003 | cru CIDCACS/IIS | ||
| 005 | 20211109112241.0 | ||
| 008 | 200507s1988 cr |||p|r||||||0| ||spa|d | ||
| 040 | |c cru CIDCACS/IIS | ||
| 090 | |a REV0165 | ||
| 110 | 2 | |9 458 |a Universidad de Costa Rica | |
| 245 | 1 | |a Centroamérica Hoy/ |c Consejo Superior Universitario Centroamericano, Universidad de Costa Rica | |
| 260 | |a San José, Costa Rica |b CSUCA-PAX; |b Universidad de Costa Rica, |c 1988- | ||
| 270 | |a Ciudad Universitaria. |e Código 2060, Apdo. 37 | ||
| 500 | |a EXISTENCIAS : 1988 (1-15) 1989 (16-32) 1990 (33-50) 1991 (51-59) Mensual | ||
| 500 | |a Colección Centroamérica | ||
| 650 | 4 | |9 3217 |a PROBLEMAS POLITICOS | |
| 650 | 0 | |9 306 |a ELECCIONES | |
| 650 | 4 | |9 1934 |a MILITARISMO | |
| 650 | 0 | |9 133 |a VIOLENCIA | |
| 650 | 4 | |9 1921 |a INTERVENCION EXTRANJERA | |
| 942 | |2 ddc |c PP | ||
| 999 | |c 42570 |d 42570 | ||
